| 000 | 00397cam a22001097a 4500 | ||
|---|---|---|---|
| 008 | 180718b1963 xxu||||| |||| 00| 0 eng d | ||
| 082 | _aT2196x54 In8/63 | ||
| 245 |
_aDevelopment of small scale industries in India: prospects, problems and policies, report _cby Ministry of Industry, Delhi |
||
| 260 |
_aNew Delhi _bGovernment of India _c1963 |
||
| 300 | _a141+p | ||
| 700 | _aIndia. Ministry of Industry | ||
| 999 |
_c497592 _d497592 |
||